Statistics for 10 Biggest Cities in Order: New Zealand

Click here to take the quiz!

General Stats

  • This quiz has been taken 44 times
  • The average score is 6 of 10

Answer Stats

#Answer% Correct
1Auckland
100%
2Wellington
100%
3Christchurch
94%
7Dunedin
65%
4Hamilton
62%
6Napier-Hastings
41%
9Nelson
41%
5Tauranga
35%
8Palmerston North
32%
10Rotorua
32%

Score Distribution

Percentile by Number Answered

Percent of People with Each Score

Your Score History

You have not taken this quiz